Medicine, mind, and the double brain : a study in nineteenth-century thought /

Bibliographic Details
Main Author: Harrington, Anne, 1960-
Format: Book
Language:English
Published: Princeton, N.J. : Princeton University Press, [1987]
Subjects:

MARC

Tag First Indicator Second Indicator Subfields
LEADER 00000cam a2200000 a 4500
001 in00000011541
005 20151007052104.0
008 870226s1987 njua b 00110 eng d
010 |a  87002462  
020 |a 0691084653 (alk. paper) :  |c $39.50 
035 |a (OCoLC)15317398 
035 |9 AAA6227AM 
040 |a DNLM/DLC  |c DLC  |d TXA  |d UtOrBLW 
049 |a TXAM  |c [A12636571] 
050 0 0 |a QP385.5  |b .H37 1987 
060 0 |a WL 11.1 H299m 
082 0 |a 152/.09  |2 19 
100 1 |a Harrington, Anne,  |d 1960- 
245 1 0 |a Medicine, mind, and the double brain :  |b a study in nineteenth-century thought /  |c Anne Harrington. 
264 1 |a Princeton, N.J. :  |b Princeton University Press,  |c [1987] 
264 4 |c ©1987 
300 |a xiii, 336 pages :  |b illustrations ;  |c 25 cm. 
336 |a text  |b txt  |2 rdacontent 
337 |a unmediated  |b n  |2 rdamedia 
338 |a volume  |b nc  |2 rdacarrier 
504 |a Bibliography: pages 291-328. 
500 |a Includes index. 
650 0 |a Cerebral dominance  |x History  |y 19th century. 
650 0 |a Laterality  |x History  |y 19th century. 
999 |a MARS 
999 f f |s a55a4190-170b-3c81-b941-1a458d284f86  |i a047b524-f4d9-34b0-b72a-0ef281878b55  |t 0 
952 f f |p ric  |a Texas A&M University  |b Rellis Campus  |c Joint Library Facility  |d Remote Storage  |t 0  |e QP385.5 .H37 1987  |h Library of Congress classification  |i unmediated -- volume  |m A14812636571 
998 f f |a QP385.5 .H37 1987  |t 0  |l Remote Storage